[Event "Titled Tue 20th May Early"]
[Site "chess.com INT"]
[Date "2025.05.20"]
[Round "5"]
[White "Sarveshwaran V"]
[Black "Bigabylov, Zhuban"]
[Result "1-0"]
[WhiteTitle "CM"]
[BlackTitle "FM"]
[WhiteElo "2290"]
[BlackElo "2031"]
[WhiteFideId "25699016"]
[BlackFideId "13701495"]
[EventDate "2025.05.20"]

1. e4 c5 2. Nf3 Nc6 3. Nc3 Nf6 4. d4 cxd4 5. Nxd4 e5 6. Ndb5 d6 7. Bg5 a6 8. Na3
b5 9. Nd5 Be7 10. Bxf6 Bxf6 11. c3 Bg5 12. Nc2 O-O 13. a4 bxa4 14. Rxa4 a5 15.
Bc4 Rb8 16. b3 Kh8 17. O-O f5 18. exf5 Bxf5 19. Nce3 Be6 20. Bd3 Bxe3 21. Nxe3
Bxb3 22. Qh5 Bg8 23. Rh4 h6 24. Ng4 Bf7 25. Qf5 Qxh4 26. Qh7# 1-0

[Event "Titled Tue 20th May Early"]
[Site "chess.com INT"]
[Date "2025.05.20"]
[Round "5"]
[White "Timofeev, Artyom"]
[Black "Bratovic, Blaz"]
[Result "1-0"]
[WhiteTitle "GM"]
[BlackTitle "IM"]
[WhiteElo "2548"]
[BlackElo "2319"]
[WhiteFideId "4140419"]
[BlackFideId "14603551"]
[EventDate "2025.05.20"]

1. c4 e6 2. Nf3 d5 3. e3 Nf6 4. b3 Be7 5. Bb2 c5 6. cxd5 exd5 7. Bb5+ Nc6 8. O-O
O-O 9. d4 cxd4 10. Nxd4 Nxd4 11. Qxd4 Be6 12. Nd2 a6 13. Bd3 Qd7 14. Nf3 Bf5 15.
Rfd1 Bxd3 16. Rxd3 Rac8 17. Rad1 h6 18. R3d2 Qe6 19. h3 Rfd8 20. Qa7 Bc5 21.
Qxb7 Ne4 22. Rxd5 Re8 23. Re5 1-0

[Event "Titled Tue 20th May Early"]
[Site "chess.com INT"]
[Date "2025.05.20"]
[Round "5"]
[White "Khafizova, Diana"]
[Black "Aarav A"]
[Result "0-1"]
[WhiteTitle "WFM"]
[BlackTitle "CM"]
[WhiteElo "2073"]
[BlackElo "2207"]
[WhiteFideId "34378049"]
[BlackFideId "25162748"]
[EventDate "2025.05.20"]

1. d4 Nf6 2. c4 e6 3. Nf3 Bb4+ 4. Bd2 Qe7 5. g3 O-O 6. Bg2 Bxd2+ 7. Qxd2 d5 8.
O-O b6 9. Nc3 c6 10. Ne5 Bb7 11. e4 dxe4 12. Nxe4 Nxe4 13. Bxe4 c5 14. Bxb7 Qxb7
15. dxc5 bxc5 16. b3 f6 17. Nd3 Nd7 18. Qe3 Qc6 19. Nf4 Ne5 20. f3 Rad8 21. Kg2
Rd4 22. Rad1 Rfd8 23. Qe2 R8d6 24. Rxd4 Rxd4 25. Rd1 Nxf3 26. Qxf3 Qxf3+ 27.
Kxf3 Rxd1 28. Nxe6 Kf7 29. Nxc5 Ke7 30. b4 Rc1 31. Nd3 Rxc4 32. Ke3 Rc2 0-1

[Event "Titled Tue 20th May Early"]
[Site "chess.com INT"]
[Date "2025.05.20"]
[Round "5"]
[White "Shubenkova, Veronika"]
[Black "Filindash, Nikita"]
[Result "1-0"]
[WhiteTitle "WFM"]
[BlackTitle "CM"]
[WhiteElo "2024"]
[BlackElo "2198"]
[WhiteFideId "44124040"]
[BlackFideId "34159983"]
[EventDate "2025.05.20"]

1. d4 d5 2. e3 Nf6 3. f4 c5 4. Nf3 Nc6 5. c3 Bf5 6. Bd3 Bxd3 7. Qxd3 e6 8. Nbd2
Qc7 9. O-O cxd4 10. exd4 Qxf4 11. Ne5 Qh4 12. Ndf3 Qh5 13. Qb5 Rc8 14. Qxb7 Ne7
15. Bg5 Rd8 16. Bxf6 1-0

[Event "Titled Tue 20th May Early"]
[Site "chess.com INT"]
[Date "2025.05.20"]
[Round "5"]
[White "Villalba, Marcelo"]
[Black "Tran, Vo Quoc Bao"]
[Result "1-0"]
[WhiteTitle "IM"]
[WhiteElo "2233"]
[BlackElo "2096"]
[WhiteFideId "3701859"]
[BlackFideId "12425184"]
[EventDate "2025.05.20"]

1. e4 c5 2. Nf3 d6 3. d4 Nf6 4. Nc3 cxd4 5. Nxd4 g6 6. Be3 Bg7 7. f3 O-O 8. Qd2
Nc6 9. O-O-O Bd7 10. h4 Rc8 11. g4 Qa5 12. Kb1 Nxd4 13. Bxd4 Be6 14. Nd5 Qa4 15.
Nxe7+ Kh8 16. b3 Qd7 17. Nxc8 Rxc8 18. g5 Nh5 19. Bxg7+ Nxg7 20. Qxd6 Qe8 21.
Bh3 Kg8 22. Bxe6 Nxe6 23. Qd7 Qf8 24. h5 Qc5 25. Qd2 Nxg5 26. hxg6 hxg6 27. c4
Nxf3 28. Qc3 Ne5 29. Rd5 1-0

[Event "Titled Tue 20th May Early"]
[Site "chess.com INT"]
[Date "2025.05.20"]
[Round "5"]
[White "Paravyan, David"]
[Black "Kopczynski, Michal"]
[Result "1-0"]
[WhiteTitle "GM"]
[BlackTitle "CM"]
[WhiteElo "2596"]
[BlackElo "2225"]
[WhiteFideId "4194985"]
[BlackFideId "1124200"]
[EventDate "2025.05.20"]

1. b3 d6 2. Bb2 e5 3. g3 f5 4. Bg2 g6 5. f4 Bg7 6. Nf3 Nc6 7. O-O Nge7 8. d3 O-O
9. fxe5 dxe5 10. Qc1 h6 11. Nbd2 Be6 12. e4 f4 13. Nc4 fxg3 14. hxg3 Nd4 15.
Nxd4 exd4 16. Rxf8+ Qxf8 17. Ba3 Bxc4 18. bxc4 Qf6 19. Qf4 Qxf4 20. gxf4 Kf7 21.
e5 g5 22. Rf1 gxf4 23. Rxf4+ Ke6 24. Bh3+ Kxe5 25. Re4+ 1-0

[Event "Titled Tue 20th May Early"]
[Site "chess.com INT"]
[Date "2025.05.20"]
[Round "5"]
[White "Marcziter, Dmitrii"]
[Black "Darmanin, Jake"]
[Result "0-1"]
[WhiteTitle "FM"]
[BlackTitle "CM"]
[WhiteElo "2208"]
[BlackElo "2065"]
[WhiteFideId "13900765"]
[BlackFideId "5601061"]
[EventDate "2025.05.20"]

1. e4 e5 2. Nf3 Nc6 3. Bc4 Nf6 4. Ng5 d5 5. exd5 Na5 6. Bb5+ c6 7. dxc6 bxc6 8.
Bd3 Nd5 9. Nf3 Nf4 10. O-O Nxd3 11. cxd3 Bd6 12. Re1 O-O 13. Nxe5 Qc7 14. d4 f6
15. Nf3 Bg4 16. h3 Bh5 17. d3 Rae8 18. Be3 Re7 19. Nbd2 Rfe8 20. a3 Bf4 21. Ne4
Bxe3 22. fxe3 f5 23. Ng3 Qxg3 24. Qe2 Nb3 25. Qf2 Qxf2+ 26. Kxf2 Bxf3 27. gxf3
Nxa1 28. Rxa1 Rxe3 29. Rc1 Rxd3 30. Rxc6 Rxd4 31. b4 f4 32. Rc7 Rd2+ 33. Kf1
Ree2 34. Rxa7 Ra2 35. Rd7 Reb2 36. Rd1 Rxa3 37. h4 Rxf3+ 38. Kg1 Rg3+ 39. Kh1
Rh3+ 40. Kg1 Rhh2 41. b5 Rbg2+ 42. Kf1 f3 0-1

[Event "Titled Tue 20th May Early"]
[Site "chess.com INT"]
[Date "2025.05.20"]
[Round "5"]
[White "Khodabandeh, Milad"]
[Black "Sobek, Jaroslav"]
[Result "1-0"]
[WhiteTitle "CM"]
[BlackTitle "FM"]
[WhiteElo "1957"]
[BlackElo "2195"]
[WhiteFideId "12538620"]
[BlackFideId "301388"]
[EventDate "2025.05.20"]

1. e4 c5 2. Nf3 a6 3. c4 Nc6 4. d4 cxd4 5. Nxd4 e5 6. Nc2 Bc5 7. Be2 Nf6 8. O-O
d6 9. Nc3 Be6 10. Bg5 h6 11. Bxf6 Qxf6 12. Nd5 Bxd5 13. Qxd5 O-O 14. a3 Nd4 15.
Nxd4 Bxd4 16. Rab1 b6 17. b4 a5 18. Kh1 axb4 19. axb4 Ra2 20. Bf3 Rxf2 21. Rxf2
Bxf2 22. Rf1 Bd4 23. Be2 Qg6 24. g3 Re8 25. Rf5 Re6 26. Bh5 Qh7 27. Bxf7+ Kh8
28. Qxe6 1-0

[Event "Titled Tue 20th May Early"]
[Site "chess.com INT"]
[Date "2025.05.20"]
[Round "5"]
[White "Krishnan, Varun"]
[Black "Weetik, Vjacheslav"]
[Result "1-0"]
[WhiteTitle "IM"]
[BlackTitle "FM"]
[WhiteElo "2370"]
[BlackElo "2423"]
[WhiteFideId "5054508"]
[BlackFideId "4153472"]
[EventDate "2025.05.20"]

1. e4 c6 2. d4 d5 3. f3 dxe4 4. fxe4 e5 5. Nf3 Bg4 6. c3 Nd7 7. Bd3 Bd6 8. O-O
Qc7 9. Qe1 Ne7 10. Nbd2 O-O 11. Nc4 Bxf3 12. Rxf3 exd4 13. cxd4 Bxh2+ 14. Kh1 b5
15. e5 bxc4 16. Bxh7+ Kxh7 17. Qh4+ Kg8 18. Rh3 f5 19. e6 1-0

[Event "Titled Tue 20th May Early"]
[Site "chess.com INT"]
[Date "2025.05.20"]
[Round "5"]
[White "Seyidli, Mirsaleh"]
[Black "Deichmann, Esteban Horacio"]
[Result "1-0"]
[WhiteTitle "CM"]
[WhiteElo "1995"]
[BlackElo "2085"]
[WhiteFideId "13445219"]
[BlackFideId "167410"]
[EventDate "2025.05.20"]

1. d4 c5 2. d5 d6 3. g3 g6 4. Bg2 Bg7 5. Nc3 e5 6. dxe6 fxe6 7. e4 Nf6 8. Nge2
Nc6 9. O-O O-O 10. Nf4 e5 11. Nfd5 Nd4 12. Bg5 Be6 13. Bxf6 Bxf6 14. Ne2 Bxd5
15. exd5 Qb6 16. Nxd4 cxd4 17. Qg4 Rae8 18. b3 Qc5 19. Be4 Bg7 20. h4 Qc8 21.
Qxc8 Rxc8 22. Kg2 Rc3 23. h5 g5 24. h6 Bxh6 25. Rh1 Rf6 26. a4 a5 27. Rab1 Rc7
28. b4 axb4 29. Rxb4 Bf8 30. a5 h6 31. Rhb1 Rff7 32. Bg6 Rg7 33. Bf5 Rc5 34.
Be6+ Kh8 35. a6 bxa6 36. Rb8 Kh7 37. Rxf8 Rgc7 38. Rbb8 e4 39. Rh8+ Kg6 40.
Rbg8+ Rg7 41. Rf8 g4 42. Bf5+ Kg5 43. Bxe4 a5 44. Rf5+ Kg6 45. Rf4+ Kg5 46. Rhf8
h5 47. R8f6 Rxd5 48. Bxd5 1-0

[Event "Titled Tue 20th May Early"]
[Site "chess.com INT"]
[Date "2025.05.20"]
[Round "5"]
[White "Yanev, Tihomir"]
[Black "Herrera Ortiz, Miguel"]
[Result "1-0"]
[WhiteTitle "IM"]
[BlackTitle "IM"]
[WhiteElo "2354"]
[BlackElo "2174"]
[WhiteFideId "2910110"]
[BlackFideId "5100550"]
[EventDate "2025.05.20"]

1. e4 e6 2. d4 d5 3. Nc3 Bb4 4. e5 c5 5. Bd2 Nh6 6. a3 Bxc3 7. bxc3 Nf5 8. g4
Ne7 9. Nf3 b6 10. Bd3 Ba6 11. O-O Bxd3 12. cxd3 h5 13. h3 hxg4 14. hxg4 Nbc6 15.
dxc5 bxc5 16. Bg5 Qd7 17. Kg2 Ng6 18. Qe2 Rb8 19. Qe3 d4 20. cxd4 Nxd4 21. Nxd4
cxd4 22. Qe4 Nh4+ 23. Bxh4 Rxh4 24. Rab1 Rd8 25. Kg3 Rh6 26. Rh1 Rxh1 27. Rxh1
Qa4 28. Rh8+ Ke7 29. Qb7+ Qd7 30. Qb4+ 1-0

[Event "Titled Tue 20th May Early"]
[Site "chess.com INT"]
[Date "2025.05.20"]
[Round "5"]
[White "Namitbir, Singh Walia"]
[Black "Brown, Akeem"]
[Result "1-0"]
[WhiteTitle "FM"]
[BlackTitle "CM"]
[WhiteElo "2335"]
[BlackElo "2055"]
[WhiteFideId "35071068"]
[BlackFideId "7402023"]
[EventDate "2025.05.20"]

1. e4 e5 2. Bc4 Nf6 3. Nc3 Nc6 4. d3 Bc5 5. a3 d6 6. Nf3 Be6 7. h3 h6 8. Qe2 Qd7
9. Be3 Bxe3 10. Qxe3 O-O-O 11. O-O-O Nh5 12. Nd5 g5 13. Bb5 Kb8 14. Nb4 a5 15.
Nxc6+ bxc6 16. Ba4 f5 17. d4 fxe4 18. Qxe4 Bd5 19. Qe3 Rhe8 20. dxe5 Qf5 21.
Rxd5 cxd5 22. Bxe8 Rxe8 23. g4 1-0

[Event "Titled Tue 20th May Early"]
[Site "chess.com INT"]
[Date "2025.05.20"]
[Round "5"]
[White "Yang, Kaiqi"]
[Black "Gasparyan, Erik R."]
[Result "0-1"]
[WhiteTitle "GM"]
[BlackTitle "IM"]
[WhiteElo "2481"]
[BlackElo "2372"]
[WhiteFideId "8604398"]
[BlackFideId "13315730"]
[EventDate "2025.05.20"]

1. e4 c6 2. d4 d5 3. e5 Bf5 4. Nf3 e6 5. Be2 c5 6. Be3 Nc6 7. dxc5 Bg4 8. Nbd2
Nge7 9. c3 Ng6 10. Bd4 Qc7 11. O-O Be7 12. Re1 O-O 13. b4 b6 14. cxb6 axb6 15.
Qb3 Rfc8 16. Bb5 Nxd4 17. cxd4 Qc3 18. Re3 Qxa1+ 19. Re1 Rc1 20. Rxc1 Qxc1+ 21.
Bf1 Ra3 0-1

[Event "Titled Tue 20th May Early"]
[Site "chess.com INT"]
[Date "2025.05.20"]
[Round "5"]
[White "Kao, Jamison Edrich"]
[Black "Ghimoyan, Narek"]
[Result "0-1"]
[WhiteTitle "CM"]
[BlackTitle "CM"]
[WhiteElo "2018"]
[BlackElo "2273"]
[WhiteFideId "6007937"]
[BlackFideId "13315412"]
[EventDate "2025.05.20"]

1. e4 e6 2. d4 d5 3. Nc3 Nf6 4. Bg5 Be7 5. e5 Nfd7 6. Bxe7 Qxe7 7. Qd2 a6 8. f4
c5 9. Nf3 Nc6 10. Bd3 cxd4 11. Ne2 Nc5 12. Nexd4 Nxd4 13. Nxd4 Bd7 14. O-O g6
15. c3 Rc8 16. Bc2 Bb5 17. Nxb5 axb5 18. Qe2 Qd7 19. Bd3 Nxd3 20. Qxd3 Rc4 21.
b3 Re4 22. a4 bxa4 23. Rxa4 Rxa4 24. bxa4 Qxa4 25. Rb1 Qxf4 26. Qb5+ Kf8 27.
Qc5+ Kg7 28. Qc7 Qe3+ 29. Kh1 Ra8 30. h3 Ra2 31. Rf1 Rf2 32. Rg1 b6 33. c4 dxc4
34. Qxc4 Qxe5 35. Rb1 Re2 36. Qb4 b5 37. Rf1 Qe4 0-1

[Event "Titled Tue 20th May Early"]
[Site "chess.com INT"]
[Date "2025.05.20"]
[Round "5"]
[White "Leon Acevedo, Juan Alejandro"]
[Black "Lissillour, Baptiste"]
[Result "0-1"]
[WhiteTitle "CM"]
[WhiteElo "2040"]
[BlackElo "2318"]
[WhiteFideId "4459261"]
[BlackFideId "45179620"]
[EventDate "2025.05.20"]

1. d4 Nf6 2. c4 e6 3. Nf3 b6 4. g3 Bb7 5. Bg2 Be7 6. O-O O-O 7. d5 exd5 8. Nh4
c6 9. Nf5 dxc4 10. e4 d5 11. e5 Nfd7 12. Re1 Nc5 0-1

[Event "Titled Tue 20th May Early"]
[Site "chess.com INT"]
[Date "2025.05.20"]
[Round "5"]
[White "Carlsson, Ludvig"]
[Black "Barrientos, Ernesto"]
[Result "0-1"]
[WhiteTitle "IM"]
[BlackTitle "CM"]
[WhiteElo "2374"]
[BlackElo "2027"]
[WhiteFideId "1727010"]
[BlackFideId "3701247"]
[EventDate "2025.05.20"]

1. e4 c5 2. Nf3 Nc6 3. d4 cxd4 4. Nxd4 Nf6 5. Nc3 e5 6. Ndb5 d6 7. Bg5 a6 8. Na3
b5 9. Bxf6 gxf6 10. Nd5 Bg7 11. c3 f5 12. exf5 Bxf5 13. Nc2 O-O 14. Nce3 Be6 15.
Bd3 f5 16. O-O e4 17. Nf4 Bf7 18. Bc2 Be5 19. Nfd5 Qg5 20. f4 exf3 21. Qxf3 Bh5
22. Qh3 f4 23. Nf5 Bg6 24. Nh6+ Kg7 25. Bxg6 hxg6 26. Ng4 Rh8 27. Qf3 Raf8 28.
h3 Nd8 29. a4 Rf7 30. axb5 axb5 31. Ra8 Ne6 32. Rfa1 Rxa8 33. Rxa8 Qf5 34. Ra1
Ng5 35. Qf2 f3 36. Qh4 f2+ 37. Kf1 Qd3# 0-1

[Event "Titled Tue 20th May Early"]
[Site "chess.com INT"]
[Date "2025.05.20"]
[Round "5"]
[White "Mikhalsky, Vladimir"]
[Black "Terron Elena, Francisco M."]
[Result "0-1"]
[BlackTitle "FM"]
[WhiteElo "2219"]
[BlackElo "2148"]
[WhiteFideId "14144352"]
[BlackFideId "2210576"]
[EventDate "2025.05.20"]

1. d4 d5 2. c4 dxc4 3. Nf3 Nf6 4. e3 Bg4 5. Bxc4 e6 6. h3 Bh5 7. Qb3 Bxf3 8.
gxf3 Nbd7 9. Qxb7 c5 10. f4 cxd4 11. exd4 Bb4+ 12. Bd2 Bxd2+ 13. Nxd2 O-O 14.
Qf3 Nb6 15. Bb3 Qxd4 16. Rd1 Qxb2 17. O-O Rad8 18. Ne4 Nbd5 19. f5 Nxe4 20. Qxe4
Nc3 21. Qe5 Nxd1 22. Qxb2 Nxb2 23. fxe6 fxe6 24. Bxe6+ Kh8 25. Rb1 Rd2 0-1

[Event "Titled Tue 20th May Early"]
[Site "chess.com INT"]
[Date "2025.05.20"]
[Round "5"]
[White "Shuvalov, Evgenij"]
[Black "Goltsev, Dmitry"]
[Result "0-1"]
[BlackTitle "FM"]
[WhiteElo "1986"]
[BlackElo "2183"]
[WhiteFideId "4187237"]
[BlackFideId "24176710"]
[EventDate "2025.05.20"]

1. d4 e6 2. c4 d5 3. Nf3 Nf6 4. Nc3 dxc4 5. e4 c5 6. Bf4 cxd4 7. Nxd4 a6 8. Bxc4
Bc5 9. Nb3 Qxd1+ 10. Rxd1 Bb4 11. f3 Nc6 12. Kf2 b5 13. Nxb5 axb5 14. Bxb5 Bd7
15. Rxd7 Kxd7 16. Rd1+ Ke7 17. Bxc6 Rxa2 18. Be5 Rc8 19. Bb5 Ne8 20. Rd7+ Kf8
21. Rb7 f6 22. Bd4 e5 23. Bxe8 exd4 24. Bd7 Rxb2+ 25. Kg3 Bd6+ 26. Kh3 Rb8 27.
Rxb8+ Bxb8 28. Be6 d3 0-1

[Event "Titled Tue 20th May Early"]
[Site "chess.com INT"]
[Date "2025.05.20"]
[Round "5"]
[White "Vargas Benavides, Mauricio"]
[Black "Hernandez Izquierdo, Jose A."]
[Result "0-1"]
[WhiteTitle "FM"]
[BlackTitle "IM"]
[WhiteElo "1935"]
[BlackElo "2223"]
[WhiteFideId "4404572"]
[BlackFideId "3527263"]
[EventDate "2025.05.20"]

1. e4 c5 2. d3 Nc6 3. Nf3 g6 4. g3 Bg7 5. Bg2 e6 6. O-O Nge7 7. c3 d5 8. Re1 O-O
9. e5 f6 10. exf6 Bxf6 11. Bh6 Re8 12. Na3 Nf5 13. Qd2 Nxh6 14. Qxh6 e5 15. h4
Bg7 16. Qg5 Bf5 17. Rad1 a6 18. Nc2 h6 19. Qxd8 Raxd8 20. Ne3 Be6 21. Kh2 Rf8
22. Kg1 d4 23. Nc4 Bg4 24. Nh2 Bxd1 25. Rxd1 b5 26. Bxc6 bxc4 27. dxc4 dxc3 28.
Bd5+ Kh7 29. bxc3 e4 30. Ng4 Bxc3 31. Rb1 Rd7 32. Rb6 h5 33. Ne3 Bd4 34. Rxa6
Bxe3 35. fxe3 Rf3 36. Kg2 Rxe3 37. a4 Re2+ 38. Kh3 Re7 39. Rf6 e3 40. a5 Ra2 41.
a6 e2 0-1

[Event "Titled Tue 20th May Early"]
[Site "chess.com INT"]
[Date "2025.05.20"]
[Round "5"]
[White "Rustamov, Rustam"]
[Black "Roberson, Peter T"]
[Result "1-0"]
[WhiteTitle "FM"]
[BlackTitle "IM"]
[WhiteElo "2323"]
[BlackElo "2440"]
[WhiteFideId "13440110"]
[BlackFideId "412384"]
[EventDate "2025.05.20"]

1. e4 e6 2. d4 d5 3. Nc3 Bb4 4. e5 b6 5. a3 Bf8 6. f4 Ba6 7. Nf3 Nh6 8. Bxa6
Nxa6 9. Qe2 Nb8 10. O-O Be7 11. Nd1 c5 12. c3 Nc6 13. Be3 O-O 14. Nf2 Nf5 15. b4
cxd4 16. cxd4 Rc8 17. Rfc1 Qd7 18. Qd3 Rc7 19. Bd2 h6 20. Rc3 Rfc8 21. Rac1 Nb8
22. g4 Nh4 23. Nxh4 Bxh4 24. Nd1 Rxc3 25. Rxc3 Rc6 26. Kg2 Qc8 27. b5 Rc4 28.
Ne3 Rxc3 29. Qxc3 Qxc3 30. Bxc3 a6 31. a4 axb5 32. axb5 Be7 33. Nd1 Nd7 34. Nb2
f6 35. f5 Kf7 36. Nd3 fxe5 37. dxe5 Bd8 38. fxe6+ Kxe6 39. Nf4+ Ke7 40. Nxd5+
Ke6 41. Nf4+ Ke7 42. Kf3 Nc5 43. Bb4 Kd7 44. Bxc5 bxc5 45. Ke4 Kc7 46. Ne6+ 1-0

[Event "Titled Tue 20th May Early"]
[Site "chess.com INT"]
[Date "2025.05.20"]
[Round "5"]
[White "Aghaei, Alireza"]
[Black "Meylan, Andre"]
[Result "1-0"]
[WhiteTitle "CM"]
[BlackTitle "CM"]
[WhiteElo "2204"]
[BlackElo "2138"]
[WhiteFideId "12509914"]
[BlackFideId "1301225"]
[EventDate "2025.05.20"]

1. e4 e6 2. Nf3 d5 3. Nc3 Nf6 4. e5 Nfd7 5. d4 c5 6. dxc5 Nc6 7. Bf4 Bxc5 8. Bd3
O-O 9. Bxh7+ Kxh7 10. Ng5+ Kg6 11. Qg4 Ndxe5 12. Qg3 f5 13. Nxe6+ Ng4 14. Nxd8
Bxf2+ 15. Qxf2 Nxf2 16. Kxf2 Rxd8 17. Rad1 d4 18. Nb5 a6 19. Nd6 Kf6 20. h4 Ke7
21. Rhe1+ Be6 22. Nxb7 Rd5 23. c4 dxc3 24. Rxd5 cxb2 25. Rd6 Nb4 26. Rdxe6+ Kf8
27. Bd6+ 1-0

[Event "Titled Tue 20th May Early"]
[Site "chess.com INT"]
[Date "2025.05.20"]
[Round "5"]
[White "Pakleza, Zbigniew"]
[Black "Poormosavi, Seyed Kian"]
[Result "1-0"]
[WhiteTitle "GM"]
[BlackTitle "IM"]
[WhiteElo "2484"]
[BlackElo "2379"]
[WhiteFideId "1119290"]
[BlackFideId "12585807"]
[EventDate "2025.05.20"]

1. d4 d5 2. Nf3 Nf6 3. Bf4 c5 4. c3 Nc6 5. Nbd2 cxd4 6. cxd4 Bf5 7. e3 Qb6 8.
Qb3 Qxb3 9. Nxb3 e6 10. Bb5 Nd7 11. Ke2 Rc8 12. Rhc1 a6 13. Bxc6 bxc6 14. Na5 c5
15. dxc5 Rxc5 16. b4 Rxc1 17. Rxc1 f6 18. Nd4 e5 19. Nxf5 exf4 20. exf4 g6 21.
Ne3 Kf7 22. Rc7 Ke6 23. Rc6+ Kf7 24. Nxd5 1-0

[Event "Titled Tue 20th May Early"]
[Site "chess.com INT"]
[Date "2025.05.20"]
[Round "5"]
[White "Reshetnikov, Alexey"]
[Black "Vaganian, Rafael A"]
[Result "1-0"]
[WhiteTitle "IM"]
[BlackTitle "GM"]
[WhiteElo "2492"]
[BlackElo "2449"]
[WhiteFideId "4162080"]
[BlackFideId "13300016"]
[EventDate "2025.05.20"]

1. d4 e6 2. e4 d5 3. e5 c5 4. c3 Nc6 5. Nf3 Nh6 6. Bxh6 gxh6 7. Be2 Bd7 8. O-O
cxd4 9. cxd4 Bg7 10. Na3 O-O 11. Nc2 f6 12. exf6 Rxf6 13. b4 a6 14. a4 Qe7 15.
b5 Nb4 16. Ne3 a5 17. Rc1 Raf8 18. Qd2 Rf4 19. Rc7 Qd6 20. Rxb7 Bc8 21. Ra7 Qb8
22. Rxa5 Qd6 23. Ra8 Bd7 24. Rxf8+ Bxf8 25. Rc1 Be8 26. g3 Re4 27. Ne5 Bg7 28.
Rc8 Kf8 29. Bh5 1-0

[Event "Titled Tue 20th May Early"]
[Site "chess.com INT"]
[Date "2025.05.20"]
[Round "5"]
[White "Modric, Nesa"]
[Black "Ramu, K."]
[Result "1-0"]
[WhiteTitle "CM"]
[BlackTitle "FM"]
[WhiteElo "2088"]
[BlackElo "2151"]
[WhiteFideId "922579"]
[BlackFideId "5006171"]
[EventDate "2025.05.20"]

1. d4 Nf6 2. Bg5 g6 3. Bxf6 exf6 4. e3 d5 5. c4 dxc4 6. Bxc4 Bd6 7. h4 h5 8. Qc2
Qe7 9. Nc3 c6 10. a3 f5 11. Nf3 O-O 12. O-O Kg7 13. g3 Nd7 14. Rfe1 Nf6 15. Ng5
Qc7 16. Kg2 Nh7 17. Nf3 Qd7 18. b4 f4 19. exf4 Qh3+ 20. Kg1 Bxf4 21. Bf1 Qg4 22.
Bg2 Bc7 23. Ne5 Bxe5 24. dxe5 Be6 25. Ne4 Rad8 26. Rad1 g5 27. hxg5 Nxg5 28. Nf6
Nf3+ 29. Bxf3 Qxf3 30. Qh7# 1-0

[Event "Titled Tue 20th May Early"]
[Site "chess.com INT"]
[Date "2025.05.20"]
[Round "5"]
[White "Rosh, Jain"]
[Black "Toroptseva, Yevheniia"]
[Result "1-0"]
[WhiteTitle "FM"]
[BlackTitle "WFM"]
[WhiteElo "2254"]
[BlackElo "2064"]
[WhiteFideId "25789465"]
[BlackFideId "34109374"]
[EventDate "2025.05.20"]

1. a3 a6 2. b4 b5 3. Bb2 Bb7 4. Nf3 Nf6 5. e3 e6 6. c4 bxc4 7. Bxc4 d5 8. Be2 c5
9. Nc3 cxb4 10. axb4 Nbd7 11. b5 axb5 12. Bxb5 Bd6 13. O-O O-O 14. d4 Qb6 15.
Rb1 Ba6 16. Qd3 Ne4 17. Bxa6 Nxc3 18. Bxc3 Qxa6 19. Qxa6 Rxa6 20. Rb7 Nf6 21.
Rfb1 Ne4 22. Bb4 Bxb4 23. R7xb4 Ra1 24. Rxa1 1-0

[Event "Titled Tue 20th May Early"]
[Site "chess.com INT"]
[Date "2025.05.20"]
[Round "5"]
[White "Pavlov, Nikolay"]
[Black "Savitha, Shri B"]
[Result "1-0"]
[WhiteTitle "FM"]
[BlackTitle "IM"]
[WhiteElo "2316"]
[BlackElo "2298"]
[WhiteFideId "24141470"]
[BlackFideId "35061887"]
[EventDate "2025.05.20"]

1. e4 c5 2. Nf3 Nc6 3. Bb5 g6 4. O-O Bg7 5. Re1 d6 6. h3 e5 7. Bxc6+ bxc6 8. c3
Ne7 9. d4 cxd4 10. cxd4 exd4 11. Nxd4 O-O 12. Nc3 Qb6 13. Nb3 a5 14. Qxd6 a4 15.
Nc5 Qa7 16. N5xa4 Be6 17. Be3 Qd7 18. Qxd7 Bxd7 19. Nb6 Rad8 20. Bc5 Rfe8 21.
Red1 1-0

[Event "Titled Tue 20th May Early"]
[Site "chess.com INT"]
[Date "2025.05.20"]
[Round "5"]
[White "Volkov, Maksim"]
[Black "Niemann, Hans Moke"]
[Result "0-1"]
[WhiteTitle "FM"]
[BlackTitle "GM"]
[WhiteElo "2370"]
[BlackElo "2736"]
[WhiteFideId "54123070"]
[BlackFideId "2093596"]
[EventDate "2025.05.20"]

1. d4 Nf6 2. c4 g6 3. g3 Bg7 4. Bg2 O-O 5. Nc3 d6 6. Nf3 Nbd7 7. O-O e5 8. e4 h6
9. h3 exd4 10. Nxd4 Re8 11. Be3 Nc5 12. Qc2 a5 13. Rad1 Qe7 14. Rfe1 c6 15. b3
Bd7 16. Bf4 Rad8 17. a3 Bc8 18. Kh2 Nh5 19. Bc1 Nf6 20. b4 axb4 21. axb4 Ne6 22.
Nf3 Nd7 23. Qd2 Ne5 24. Nxe5 dxe5 25. Qb2 Rd4 26. c5 Red8 27. Be3 Rxd1 28. Rxd1
Nd4 29. Rd2 Be6 30. Ne2 Kh7 31. Nxd4 exd4 32. Bxd4 Rxd4 33. Rxd4 Qf6 0-1